000 00747nam a2200253Ia 4500
003 OSt
005 20220926030423.0
006 a|||||r|||| 00| 0
007 ta
008 220923b |||||||| |||| 00| 0 eng d
037 _cGeneral Book
040 _aRTL
_cRTL
_beng
041 _2eng
_aeng
082 _aU298, K2
100 _aGoodwin Harold Leland
_9334258
245 0 _aSpace frontier unlimited
260 _aPrinceton
_bNew Jersey Van Nostrand
_c1962
300 _a144p
_ccm.
490 _aVan Nostrand Searchlight Original. Ed by George W Hoffman and G Atzel Pearcy
500 _aBibliography: P 140-41
650 _aClimate
942 _hU298, K2
_cGB
_2CC
999 _c649693
_d649693